000
00239nam a22001097a 4500
082
_a
747 WOH'I
100
_a
WOHNEN, STILVOLL
_9
75985
245
_a
INTERIOR DECORATION
260
_a
W. GERMANY
_b
DRUCK
_c
1980
300
_a
235P
942
_c
BK
999
_c
581388
_d
581388